00282nam a2200121Ia 4500008004100000100002300041245002200064260003200086300000800118650001000126942000700136999001700143190216s9999||||xx |||||||||||||| ||und|| aManeesh Kumar Simh 0aHindi-Darmasankad bNiharika Publicationsc2009 a156 aHindi cBK c16616d16616